Southville International School and Colleges
Your cart is empty.
  • Cart
  • Lists
    Public lists Eva Luna New books Lux_list list_1
    Your lists Log in to create your own lists
  • Log in to your account
  • Your cookies
  • Search history
Southville International School and Colleges
  • Advanced search
  • Recent comments
  • Most popular
  • Libraries

Log in to your account

Log in with GOOGLE


If you do not have an external account, but do have a local account, you can still log in:

  1. Home
  2. MARC view: Spiritual capital :
Normal view MARC view ISBD view

Spiritual capital : (Record no. 283797)

[ view plain ]
MARC details
000 -LEADER
fixed length control field 00679nam a2200229 a 4500
003 - CONTROL NUMBER IDENTIFIER
control field PILC
005 - DATE AND TIME OF LATEST TRANSACTION
control field 20150319141842.0
008 - FIXED-LENGTH DATA ELEMENTS--GENERAL INFORMATION
fixed length control field 051118s cau 000 0 eng d
020 ## - INTERNATIONAL STANDARD BOOK NUMBER
International Standard Book Number 1576751384
020 ## - INTERNATIONAL STANDARD BOOK NUMBER
International Standard Book Number 0747570477
050 00 - LIBRARY OF CONGRESS CALL NUMBER
Classification number HD 58.7
Item number .Z64 2004
100 1# - MAIN ENTRY--PERSONAL NAME
Personal name Zohar, Danah,
Dates associated with a name 1945-
245 10 - TITLE STATEMENT
Title Spiritual capital :
Remainder of title wealth we can live by /
Statement of responsibility, etc Danah Zohar, Ian Marshall.
250 ## - EDITION STATEMENT
Edition statement 1st ed.
260 ## - PUBLICATION, DISTRIBUTION, ETC. (IMPRINT)
Place of publication, distribution, etc San Francisco :
Name of publisher, distributor, etc Berrett-Koehler Publishers,
Date of publication, distribution, etc c2004.
300 ## - PHYSICAL DESCRIPTION
Extent xii, 173 pages :
Other physical details illustrations ;
Dimensions 24 cm.
650 #0 - SUBJECT ADDED ENTRY--TOPICAL TERM
Topical term or geographic name as entry element Corporate culture.
650 #0 - SUBJECT ADDED ENTRY--TOPICAL TERM
Topical term or geographic name as entry element Organizational behavior.
650 #0 - SUBJECT ADDED ENTRY--TOPICAL TERM
Topical term or geographic name as entry element Values.
700 1# - ADDED ENTRY--PERSONAL NAME
Personal name Marshall, Ian N.
942 ## - ADDED ENTRY ELEMENTS (KOHA)
Source of classification or shelving scheme Library of Congress Classification
Koha item type Books
Holdings
Withdrawn status Lost status Source of classification or shelving scheme Damaged status Home library Current library Shelving location Date acquired Source of acquisition Sub Shelving location Total Checkouts Full call number Barcode Date last seen Price effective from Koha item type
    Library of Congress Classification   College Library College Library General Circulation Section 03/19/2015 Library Fund     HD 58.7 .Z64 2004 C19227 05/15/2018 03/19/2015 Books

Spiritual capital :

APA

Zohar D., Marshall I. N., . (2004). Spiritual capital. San Francisco: Berrett-Koehler Publishers.

Chicago

Zohar Danah, Marshall Ian N, . 2004. Spiritual capital. San Francisco: Berrett-Koehler Publishers.

Harvard

Zohar D., Marshall I. N., . (2004). Spiritual capital. San Francisco: Berrett-Koehler Publishers.

MLA

Zohar Danah, Marshall Ian N, . Spiritual capital. San Francisco: Berrett-Koehler Publishers. 2004.

  • Place hold
  • Print
  • Cite
  • Add to your cart (remove)
  • Save record
    BIBTEX Dublin Core MARCXML MARC (non-Unicode/MARC-8) MARC (Unicode/UTF-8) MARC (Unicode/UTF-8, Standard) MODS (XML) RIS
  • More searches
    Search for this title in:
    Other Libraries (WorldCat) Other Databases (Google Scholar) Online Stores (Bookfinder.com) Open Library (openlibrary.org)

Exporting to Dublin Core...

SOUTHVILLE LIBRARY

Southville International School and Colleges Library

1281 Tropical Ave. Cor. Luxembourg St., BF Homes International, Las Pinas City

Tel. No. 8256374 / 252358 Loc. 117/146

Powered by Koha